All NWA/WCW World Television Champions - Statistics

General Stats
  • This quiz has been taken 123 times
  • The average score is 66 of 108
Answer Stats
Hint Answer % Correct
1975 1 Ric Flair
97%
1977 2 Ric Flair
97%
1985 1 Dusty Rhodes
95%
1985 2 Dusty Rhodes
95%
1986 3 Dusty Rhodes
95%
1989 1 Sting
93%
1986 1 Arn Anderson
91%
1990 2 Arn Anderson
91%
1991 3 Arn Anderson
91%
1995 4 Arn Anderson
91%
1991 1 Steve Austin
90%
1992 2 Steve Austin
90%
1997 1 Booker T
88%
1998 2 Booker T
88%
1998 3 Booker T
88%
1998 4 Booker T
88%
1998 5 Booker T
88%
1999 6 Booker T
88%
1998 1 Chris Benoit
88%
1998 2 Chris Benoit
88%
1999 3 Chris Benoit
88%
1984 1 Tully Blanchard
88%
1985 2 Tully Blanchard
88%
1986 3 Tully Blanchard
88%
1977 1 Rick Steamboat
86%
1978 2 Rick Steamboat
86%
1992 3 Ricky Steamboat
86%
1993 4 Ricky Steamboat
86%
1998 1 Chris Jericho
83%
1988 1 Rick Steiner
83%
1999 2 Rick Steiner
83%
1999 3 Rick Steiner
83%
1992 1 Scott Steiner
83%
1998 2 Scott Steiner
83%
1992 1 Barry Windham
81%
1995 1 Diamond Dallas Page
81%
1996 1 Lex Luger
81%
1996 2 Lex Luger
81%
1999 1 Scott Hall
78%
1976 1 Greg Valentine
72%
1977 2 Greg Valentine
72%
1981 3 Greg Valentine
72%
1981 4 Greg Valentine
72%
1993 1 Lord Steven Regal
72%
1994 2 Lord Steven Regal
72%
1996 3 Lord Steven Regal
72%
1997 4 Lord Steven Regal
72%
2000 1 Jim Duggan
71%
1981 1 Roddy Piper
71%
1983 2 Roddy Piper
71%
1991 1 Bobby Eaton
66%
1994 1 Johnny B. Badd
66%
1995 2 Johnny B. Badd
66%
1996 3 Johnny B. Badd
66%
1986 1 Nikita Koloff
64%
1974 1 Ivan Koloff
62%
1974 2 Ivan Koloff
62%
1981 3 Ivan Koloff
62%
1982 4 Ivan Koloff
62%
1982 5 Ivan Koloff
62%
1989 1 The Great Muta
62%
1993 1 Paul Orndorff
59%
1997 1 Disco Inferno
57%
1997 2 Disco Inferno
57%
1974 1 Paul Jones
55%
1974 2 Paul Jones
55%
1975 3 Paul Jones
55%
1976 4 Paul Jones
55%
1978 5 Paul Jones
55%
1976 1 Rufus R. Jones
55%
1977 2 Rufus R. Jones
55%
1997 1 Alex Wright
53%
1997 1 Perry Saturn
53%
1982 1 Mike Rotunda
52%
1988 2 Mike Rotunda
52%
1989 3 Mike Rotunda
52%
1998 1 Stevie Ray
52%
1998 1 Konnan
50%
1995 1 The Renegade
50%
1998 1 Rick Martel
47%
1994 1 Larry Zbyszko
43%
1997 1 Ultimo Dragon
40%
1997 2 Ultimo Dragon
40%
1983 1 Dick Slater
38%
1983 2 Dick Slater
38%
1984 1 Mark Youngblood
38%
1974 1 Danny Miller
36%
1998 1 Fit Finlay
36%
1976 1 Mr. Wrestling
36%
1997 1 Prince Iaukea
33%
1982 1 Bad Leroy Brown
31%
1983 4 Charlie Brown (Jimmy Valiant)
31%
1982 1 Jimmy Valiant
31%
1982 2 Jimmy Valiant
31%
1982 3 Jimmy Valiant
31%
1976 1 Angelo Mosca
24%
1976 2 Angelo Mosca
24%
1978 1 Johnny Weaver
24%
1990 1 The Z-Man
22%
1977 1 Baron Von Raschke
17%
1978 2 Baron Von Raschke
17%
1980 1 Masked Superstar
16%
1983 1 The Great Kabuki
14%
1981 1 Sweet Ebony Diamond
9%
1981 2 Sweet Ebony Diamond
9%
1981 1 Ron Bass
7%
1982 1 Jos LeDuc
5%
1983 2 Jos LeDuc
5%
No matching quizzes found
Score Distribution
Percent of People with Each Score
Percentile by Number Answered
Your Score History
You have not taken this quiz